000 00880nam a2200277 i 4500
001 bg
003 BPK
005 20191004142539.0
008 980713s1997 pl |000 0 pol d
015 _aPB 1997/9217
020 _a8386702303
040 _aWA N
_cBPK
080 _a347.78(438)
080 _a351.75:050+070(438)
100 1 _aKarpowicz, Andrzej
_d(1948- ).
_eAutor
245 1 0 _aPrawo autorskie i prasowe dla dziennikarzy /
_cAndrzej Karpowicz.
250 _a[Wyd. 1, (dodr.)].
260 _aWarszawa :
_bWydawnictwa Prawnicze PWN,
_c1997.
300 _a143, [5] s. ;
_c21 cm.
504 _aBibliogr. s. 139.
650 4 _aPrawo autorskie
_zPolska.
650 4 _aPrawo prasowe
_zPolska.
655 4 _aPoradnik
856 _uhttp://koha.tu.koszalin.pl/cgi-bin/koha/opac-detail.pl?biblionumber=31311
_yKatalog online BPK
942 _2UKD
_cKS
999 _c31311
_d31311